[Event "SVK-chT4 A22 1819"]
[Site "Slovakia"]
[Date "2019.01.20"]
[Round "7.3"]
[White "Zarecky, Eduard"]
[Black "Sulko, Vit"]
[Result "0-1"]
[WhiteElo "1841"]
[BlackElo "1672"]
[PlyCount "92"]
[EventDate "2018.10.14"]
[EventType "team-tourn"]
[EventRounds "11"]
[EventCountry "SVK"]
[SourceTitle "EXT 2020"]
[Source "ChessBase"]
[SourceDate "2019.10.17"]
[SourceVersion "1"]
[SourceVersionDate "2019.10.17"]
[SourceQuality "1"]

1. d4 d5 2. c4 Nf6 3. Nc3 dxc4 4. e3 e6 5. a3 g6 6. Bxc4 Bg7 7. Nf3 0-0 8. Bd2 a6 9. b4 b5 10. Be2 Bb7 11. Rc1 Nbd7 12. Qc2 Re8 13. 0-0 e5 14. Rfd1 Qe7 15. Ne1 exd4 16. exd4 Rac8 17. Bf3 Bxf3 18. Nxf3 Qd6 19. g3 Re6 20. Bf4 Qc6 21. Qd3 Qb7 22. Ng5 Re7 23. f3 c6 24. Nce4 Nxe4 25. fxe4 Nf8 26. e5 Ne6 27. Ne4 Qa8 28. Be3 Rd7 29. Qf1 Rcc7 30. Rc2 Qd8 31. Nd6 Bf8 32. Ne4 Bg7 33. Rcd2 Qa8 34. Qf3 Rd8 35. d5 cxd5 36. Rxd5 Rxd5 37. Rxd5 Qc8 38. Nd6 Qf8 39. Qd1 Rd7 40. Ne4 Rxd5 41. Qxd5 Qd8 42. Qd6 Qxd6 43. exd6 Kf8 44. Nc5 Nxc5 45. bxc5 Be5 46. Bf4 Bd4+ 0-1

[Event "SVK-chT4 A22 1819"]
[Site "Slovakia"]
[Date "2019.01.06"]
[Round "6.5"]
[White "Kovarikova, Maria"]
[Black "Sulko, Vit"]
[Result "1-0"]
[WhiteElo "1765"]
[BlackElo "1672"]
[PlyCount "111"]
[EventDate "2018.10.14"]
[EventType "team-tourn"]
[EventRounds "11"]
[EventCountry "SVK"]
[SourceTitle "EXT 2020"]
[Source "ChessBase"]
[SourceDate "2019.10.17"]
[SourceVersion "1"]
[SourceVersionDate "2019.10.17"]
[SourceQuality "1"]

1. e4 c5 2. Nc3 d6 3. g3 Nc6 4. Bg2 g6 5. d3 Bg7 6. f4 Nf6 7. Nf3 0-0 8. 0-0 b6 9. h3 Bd7 10. Be3 Qc8 11. g4 e6 12. Bf2 Rd8 13. Ne2 Rb8 14. Ng3 Qc7 15. g5 Ne8 16. c3 f6 17. h4 f5 18. h5 Ne7 19. Be3 e5 20. Kf2 fxe4 21. dxe4 Bg4 22. hxg6 Nxg6 23. f5 Nf4 24. f6 Bf8 25. Bxf4 exf4 26. Qd5+ Qf7 27. Qxf7+ Kxf7 28. Ne2 h6 29. Nxf4 Bxf3 30. g6+ Kxf6 31. Bxf3 Ke7 32. Nd5+ Kd7 33. Bg4+ Kc6 34. Ke2 Nc7 35. Nxc7 Kxc7 36. Rf7+ Kc6 37. g7 h5 38. gxf8Q Rxf8 39. Rxf8 Rxf8 40. Bxh5 Rh8 41. Bf3 Kc7 42. Rf1 Rh7 43. Ke3 Re7 44. Kf4 Rf7+ 45. Kg4 Re7 46. Bh1 Kd7 47. Kg5 Kc7 48. Rf8 b5 49. Kf6 Re5 50. Rf7+ Kb6 51. Rd7 Kc6 52. Rxa7 Kb6 53. Re7 Rxe7 54. Kxe7 Kc7 55. b4 c4 56. Ke6 1-0

[Event "SVK-chT4 A22 1819"]
[Site "Slovakia"]
[Date "2018.11.11"]
[Round "3.1"]
[White "Bogi, Timea"]
[Black "Sulko, Vit"]
[Result "0-1"]
[WhiteElo "1515"]
[BlackElo "1662"]
[PlyCount "44"]
[EventDate "2018.10.14"]
[EventType "team-tourn"]
[EventRounds "11"]
[EventCountry "SVK"]
[SourceTitle "EXT 2020"]
[Source "ChessBase"]
[SourceDate "2019.10.17"]
[SourceVersion "1"]
[SourceVersionDate "2019.10.17"]
[SourceQuality "1"]

1. e4 c5 2. Nf3 d6 3. d4 cxd4 4. Nxd4 Nf6 5. Nc3 g6 6. Bd3 Bg7 7. Be3 Bd7 8. Nd5 Nxd5 9. exd5 Qa5+ 10. c3 Qxd5 11. f3 Qa5 12. Qb3 Qc7 13. 0-0 0-0 14. f4 e6 15. Rad1 a6 16. Nf3 Nc6 17. Be2 Rac8 18. Bb6 Qb8 19. c4 Ne7 20. Qa3 Rc6 21. Qb4 Nc8 22. Nd4 Rxb6 0-1

[Event "SVK-chT4 A21 1718"]
[Site "Slovakia"]
[Date "2018.03.18"]
[Round "11.4"]
[White "Divinec, Peter"]
[Black "Sulko, Vit"]
[Result "0-1"]
[WhiteElo "1547"]
[BlackElo "1649"]
[PlyCount "46"]
[EventDate "2017.10.01"]
[EventType "team-tourn"]
[EventRounds "11"]
[EventCountry "SVK"]
[SourceTitle "EXT 2020"]
[Source "ChessBase"]
[SourceDate "2019.10.17"]
[SourceVersion "1"]
[SourceVersionDate "2019.10.17"]
[SourceQuality "1"]
[WhiteTeam "Piestany Kupele II"]
[BlackTeam "Spacince"]
[WhiteTeamCountry "SVK"]
[BlackTeamCountry "SVK"]

1. e4 c5 2. f4 d6 3. Nf3 Nc6 4. Bb5 Bd7 5. Bxc6 Bxc6 6. d3 g6 7. 0-0 Bg7 8. Nc3 Nf6 9. Qe1 0-0 10. Qh4 h5 11. f5 Nh7 12. fxg6 fxg6 13. Bd2 Qd7 14. Qg3 Qe6 15. Nh4 Bd4+ 16. Kh1 Rxf1+ 17. Rxf1 Rf8 18. Rxf8+ Nxf8 19. b3 Qf6 20. Qe1 Bf2 21. Bg5 Bxe1 22. Bxf6 exf6 23. Ne2 Bxh4 0-1

[Event "SVK-chT4 A22 1415"]
[Site "Slovakia"]
[Date "2015.03.15"]
[Round "11.6"]
[White "Benkovsky, Peter"]
[Black "Sulko, Vit"]
[Result "1/2-1/2"]
[WhiteElo "1720"]
[BlackElo "1754"]
[PlyCount "65"]
[EventDate "2014.10.12"]
[EventType "team-tourn"]
[EventRounds "11"]
[EventCountry "SVK"]
[SourceTitle "EXT 2019"]
[Source "ChessBase"]
[SourceDate "2018.10.10"]
[SourceVersion "1"]
[SourceVersionDate "2018.10.10"]
[SourceQuality "1"]

1. d4 d5 2. c4 dxc4 3. Nc3 g6 4. e3 Nf6 5. Bxc4 Bg7 6. Nf3 Bg4 7. h3 Bxf3 8. Qxf3 c6 9. 0-0 0-0 10. Bd2 e6 11. a3 Nbd7 12. Rac1 Nb6 13. Ne4 Nxe4 14. Qxe4 Nxc4 15. Rxc4 Qd5 16. Qxd5 exd5 17. Rc2 f5 18. g3 Rf7 19. Kg2 Bf8 20. Rfc1 a6 21. Ba5 Rd7 22. Bb6 Kf7 23. Kf3 h5 24. h4 Re8 25. Re2 Re6 26. Bc5 Be7 27. Bxe7 Kxe7 28. Rec2 Kf6 29. b4 Ree7 30. a4 Re6 31. a5 Kf7 32. Rc5 Kf6 33. R1c2 1/2-1/2

[Event "SVK-chT4 A22 1213"]
[Site "Slovakia"]
[Date "2013.01.20"]
[Round "7.2"]
[White "Kosar, Mikulas"]
[Black "Sulko, Vit"]
[Result "1-0"]
[WhiteElo "1965"]
[BlackElo "1790"]
[PlyCount "71"]
[EventDate "2012.10.14"]
[EventType "team-tourn"]
[EventRounds "11"]
[EventCountry "SVK"]
[SourceTitle "EXT 2015"]
[Source "ChessBase"]
[SourceDate "2014.11.20"]
[SourceVersion "1"]
[SourceVersionDate "2014.11.20"]
[SourceQuality "1"]
[WhiteTeam "Gabcikovo Russel II"]
[BlackTeam "Spacince"]
[WhiteTeamCountry "SVK"]
[BlackTeamCountry "SVK"]

1. e4 c5 2. Nf3 d6 3. d4 cxd4 4. Qxd4 Nc6 5. Qd3 g6 6. Be2 Bg7 7. Nc3 Nf6 8. 0-0 0-0 9. a3 Bg4 10. Rd1 Rc8 11. Be3 a6 12. Nd5 Bxf3 13. Bxf3 Ne5 14. Qb3 Nxf3+ 15. gxf3 Nxd5 16. Rxd5 Qc7 17. c3 Qb8 18. Rad1 Rc6 19. Kh1 Rfc8 20. Bg5 e6 21. R5d3 Rc5 22. Be7 Be5 23. Bxd6 Bxd6 24. Rxd6 Rh5 25. Qb6 Kg7 26. Qd4+ Kh6 27. e5 b5 28. Qf4+ Kg7 29. Qf6+ Kh6 30. R6d4 Rc4 31. Rxc4 bxc4 32. Qxf7 Qc8 33. Rd7 Rf5 34. Qxh7+ Kg5 35. Rd4 Rxe5 36. Qh4+ 1-0

[Event "SVK-chT4 A22 1213"]
[Site "Slovakia"]
[Date "2013.01.06"]
[Round "6.2"]
[White "Sulko, Vit"]
[Black "Vegh, Vince"]
[Result "1-0"]
[WhiteElo "1790"]
[BlackElo "1932"]
[PlyCount "134"]
[EventDate "2012.10.14"]
[EventType "team-tourn"]
[EventRounds "11"]
[EventCountry "SVK"]
[SourceTitle "EXT 2015"]
[Source "ChessBase"]
[SourceDate "2014.11.20"]
[SourceVersion "1"]
[SourceVersionDate "2014.11.20"]
[SourceQuality "1"]
[WhiteTeam "Spacince"]
[BlackTeam "Velky Meder MSK Corvin"]
[WhiteTeamCountry "SVK"]
[BlackTeamCountry "SVK"]

1. d4 d5 2. Bf4 Nf6 3. Nf3 e6 4. e3 Nbd7 5. Be2 c5 6. 0-0 b6 7. c4 Bb7 8. Nbd2 Be7 9. Ne5 0-0 10. Nxd7 Qxd7 11. dxc5 bxc5 12. Rc1 Rfd8 13. Bf3 Rac8 14. b3 a5 15. Be5 h6 16. Bxf6 Bxf6 17. cxd5 exd5 18. Bg4 Qc6 19. Bxc8 Rxc8 20. Nf3 Ra8 21. Qd2 Qb5 22. Rfd1 d4 23. Qd3 Qb6 24. exd4 cxd4 25. Rc4 Ba6 26. Qe4 Rd8 27. Qc6 Qa7 28. Qc7 Qa8 29. Ra4 Be2 30. Rd2 Bxf3 31. gxf3 Qxf3 32. Qg3 Qf5 33. Rd3 Be5 34. Rxa5 Re8 35. Rxe5 Rxe5 36. Rxd4 Qb1+ 37. Kg2 Rg5 38. Rg4 Qxa2 39. Rxg5 hxg5 40. b4 Qd5+ 41. Qf3 Qb5 42. Qc3 f5 43. h3 Qd5+ 44. f3 Kf7 45. Kf2 Qa2+ 46. Kg1 Kg6 47. Qc6+ Kh5 48. Qe8+ Kh4 49. Qe1+ Kxh3 50. Qf2 Qxf2+ 51. Kxf2 Kh2 52. b5 g4 53. fxg4 fxg4 54. b6 g3+ 55. Kf3 g2 56. b7 g1N+ 57. Ke4 g5 58. b8Q+ Kg2 59. Qg8 Nh3 60. Kf5 Kg3 61. Qg6 Kh4 62. Qh6+ Kg3 63. Qh5 Kg2 64. Qg4+ Kh2 65. Qf3 Ng1 66. Qf2+ Kh1 67. Kg4 Nh3 1-0

[Event "SVK-chT4 A22 1213"]
[Site "Slovakia"]
[Date "2012.11.25"]
[Round "4.2"]
[White "Sulko, Vit"]
[Black "Merva, Frantisek"]
[Result "0-1"]
[WhiteElo "1790"]
[BlackElo "2006"]
[PlyCount "81"]
[EventDate "2012.10.14"]
[EventType "team-tourn"]
[EventRounds "11"]
[EventCountry "SVK"]
[SourceTitle "EXT 2015"]
[Source "ChessBase"]
[SourceDate "2014.11.20"]
[SourceVersion "1"]
[SourceVersionDate "2014.11.20"]
[SourceQuality "1"]
[WhiteTeam "Spacince"]
[BlackTeam "Dunajska Streda SK III"]
[WhiteTeamCountry "SVK"]
[BlackTeamCountry "SVK"]

1. d4 d5 2. Nf3 Nf6 3. Bg5 Ne4 4. Nbd2 Nxg5 5. Nxg5 e5 6. Ngf3 exd4 7. Nxd4 c5 8. N4f3 Qb6 9. b3 Bf5 10. e3 Be7 11. Bd3 Bxd3 12. cxd3 Qg6 13. Ke2 Nc6 14. g3 b6 15. Rc1 Bf6 16. Qc2 Nb4 17. Qb1 0-0 18. a3 Na6 19. Kf1 Rac8 20. Kg2 Rfe8 21. Rhe1 Qh5 22. b4 cxb4 23. axb4 Qg4 24. d4 Qe6 25. Rc2 Be7 26. b5 Nb4 27. Rxc8 Rxc8 28. Ng5 Qg6 29. Qxg6 hxg6 30. h4 Bxg5 31. hxg5 Nd3 32. Rf1 Rc2 33. Nf3 Rb2 34. Ne5 Nxe5 35. dxe5 Rxb5 36. Rc1 Rc5 37. Ra1 a5 38. f4 Kf8 39. Kf3 Ke7 40. Rh1 a4 41. Ra1 0-1